Milan Players 2006/2007 - Statistics

General Stats
  • This quiz has been taken 26 times
  • The average score is 18 of 37
Answer Stats
No Role Answer % Correct
10 MID Clarence Seedorf
100%
1 GK Dida
100%
3 DEF Paolo Maldini
100%
21 MID Andrea Pirlo
95%
13 DEF Alessandro Nesta
90%
22 MID Kaka
90%
9 ATT Filippo Inzaghi
86%
2 DEF Cafu
81%
8 MID Gennaro Gattuso
81%
23 MID Massimo Ambrosini
76%
4 DEF Kakhaber Kaladze
71%
Coach Carlo Ancelotti
67%
18 DEF Marek Jankulovski
67%
44 DEF Massimo Oddo
67%
99 ATT Ronaldo
67%
5 DEF Alessandro Costacurta
62%
11 ATT Alberto Gilardino
57%
19 DEF Giuseppe Favalli
43%
15 ATT Marco Borriello
43%
25 DEF Daniele Bonera
38%
29 GK Valerio Fiori
38%
32 MID Cristian Brocchi
33%
7 ATT Ricardo Oliveira
33%
20 MID Yoann Gourcuff
33%
16 GK Zeljko Kalac
33%
17 DEF Dario Simic
29%
27 MID Serginho
29%
36 DEF Matteo Darmian
24%
35 DEF Willy Aubameyang
14%
24 DEF Leandro Grimi
10%
31 DEF Luca Antonelli
10%
26 GK Marco Storari
5%
28 MID Alex Guerci
0%
33 MID Davide Di Gennaro
0%
38 MID Matteo Lunati
0%
34 MID Gastone Bottini
0%
37 DEF Matteo Bruscagin
0%
No matching quizzes found
Score Distribution
Percent of People with Each Score
Percentile by Number Answered
Your Score History
You have not taken this quiz